Normal view MARC view

Entry Personal Name

Number of records used in: 1

001 - CONTROL NUMBER

  • control field: 11246

003 - CONTROL NUMBER IDENTIFIER

  • control field: OSt

005 - DATE AND TIME OF LATEST TRANSACTION

  • control field: 20161025142800.0

008 - FIXED-LENGTH DATA ELEMENTS

  • fixed length control field: 161025|| aca||aabn | a|a d

040 ## - CATALOGING SOURCE

  • Original cataloging agency: OSt
  • Transcribing agency: OSt

100 ## - HEADING--PERSONAL NAME

  • Personal name: edited by David Greenwood [et... al]

670 ## - SOURCE DATA FOUND

  • Source citation: Work cat.: (OSt)275: edited by David Greenwood [et... al], Medical microbiology :, 2007.